Statistics for NBA 2K22 Top 100 Players

Click here to take the quiz!

General Stats

  • This quiz has been taken 582 times
    (471 since last reset)
  • The average score is 76 of 100

Answer Stats

ClubPositionOverallPlayer% Correct
Los Angeles LakersSF/PG96LeBron James
100%
Los Angeles LakersPF/C92Anthony Davis
99%
Milwaukee BucksPF/C97Giannis Antetokounmpo
99%
Philadelphia 76ersC95Joel Embiid
99%
Brooklyn NetsPF/SF96Kevin Durant
99%
Dallas MavericksPG/SF93Luka Doncic
99%
Golden State WarriorsPG/SG96Stephen Curry
99%
Phoenix SunsSG/PG90Devin Booker
98%
Memphis GrizzliesPG92Ja Morant
98%
Miami HeatSF/PF94Jimmy Butler
98%
Denver NuggetsC96Nikola Jokic
98%
Phoenix SunsPG88Chris Paul
97%
Portland Trail BlazersPG90Damian Lillard
97%
Brooklyn NetsSG/PG90James Harden
97%
Los Angeles ClippersSF/PF95Kawhi Leonard
97%
Brooklyn NetsPG/SG91Kyrie Irving
97%
Atlanta HawksPG91Trae Young
97%
Boston CelticsPF/SF88Jayson Tatum
96%
Chicago BullsSF/PF90DeMar DeRozan
95%
Golden State WarriorsSG/SF87Klay Thompson
95%
Charlotte HornetsPG/SG86LaMelo Ball
95%
Los Angeles ClippersSG/SF88Paul George
95%
Utah JazzC90Rudy Gobert
95%
Chicago BullsSG/SF88Zach LaVine
95%
New Orleans PelicansPF/C89Zion Williamson
95%
Utah JazzSG/PG89Donovan Mitchell
94%
Boston CelticsSF/SG87Jaylen Brown
94%
Minnesota TimberwolvesC88Karl-Anthony Towns
94%
Washington WizardsSG/PG87Bradley Beal
93%
Chicago BullsPG/SG82Lonzo Ball
91%
Phoenix SunsC87Deandre Ayton
90%
Oklahoma City ThunderPG/SG86Shai Gilgeous-Alexander
90%
Miami HeatC86Bam Adebayo
89%
Milwaukee BucksPG/SG86Jrue Holiday
89%
Denver NuggetsPG/SG85Jamal Murray
88%
San Antonio SpursPG86Dejounte Murray
87%
Philadelphia 76ersPG/PF84Ben Simmons
86%
Golden State WarriorsPF/C83Draymond Green
86%
Milwaukee BucksSF/PF84Khris Middleton
86%
Cleveland CavaliersC86Jarrett Allen
85%
Dallas MavericksC/PF86Kristaps Porzingis
85%
Toronto RaptorsPF/C85Pascal Siakam
85%
Cleveland CavaliersPG86Darius Garland
84%
Indiana PacersPF/C87Domantas Sabonis
83%
Minnesota TimberwolvesSG/SF85Anthony Edwards
82%
New Orleans PelicansSF/PF84Brandon Ingram
82%
Atlanta HawksC85Clint Capela
82%
Sacramento KingsPG83De'Aaron Fox
82%
Toronto RaptorsSG/PG86Fred VanVleet
82%
Portland Trail BlazersSG/PG85C.J. McCollum
81%
New York KnicksPF/C83Julius Randle
81%
Miami HeatPG82Kyle Lowry
79%
Memphis GrizzliesPF/C83Jaren Jackson Jr.
78%
Boston CelticsC82Robert Williams
78%
Philadelphia 76ersPF/SF84Tobias Harris
78%
Los Angeles LakersPG/SG81Russell Westbrook
77%
Golden State WarriorsSF/SG83Andrew Wiggins
76%
Atlanta HawksPF/C84John Collins
76%
Utah JazzPG84Mike Conley
76%
Phoenix SunsSF/PF82Mikal Bridges
75%
Charlotte HornetsPF/SF83Miles Bridges
75%
Memphis GrizzliesC82Steven Adams
72%
Cleveland CavaliersPF/C83Evan Mobley
70%
Houston RocketsPG83John Wall
70%
New Orleans PelicansC84Jonas Valanciunas
70%
Portland Trail BlazersC83Jusuf Nurkic
70%
Chicago BullsC82Nikola Vucevic
70%
Miami HeatSG/PG82Tyler Herro
70%
Indiana PacersC82Myles Turner
69%
Minnesota TimberwolvesPG/SG82D'Angelo Russell
66%
New York KnicksSF/SG82R.J. Barrett
65%
Sacramento KingsSG/PG82Tyrese Haliburton
65%
Dallas MavericksPG81Jalen Brunson
63%
New York KnicksPG/SG83Derrick Rose
62%
Memphis GrizzliesSF/SG83Desmond Bane
61%
Cleveland CavaliersPF/C81Kevin Love
61%
New York KnicksC82Mitchell Robinson
61%
Los Angeles LakersPF/SF80Camelo Anthony
60%
Houston RocketsC/PF83Christian Wood
60%
Orlando MagicPG/SG81Cole Anthony
60%
Charlotte HornetsSF/PF82Grodon Hayward
59%
Washington WizardsSF/PF82Kyle Kuzma
57%
Denver NuggetsSF/SG80Michael Porter Jr.
56%
Toronto RaptorsPF/SF82Scottie Barnes
56%
Charlotte HornetsSG/PG82Terry Rozier III
54%
Detroit PistonsPF/SF82Jerami Grant
53%
Memphis GrizzliesSF/SG81Dillon Brooks
52%
New York KnicksPG81Kemba Walker
52%
Indiana PacersPG/SG83Malcolm Brogdon
50%
Toronto RaptorsSF/PF82OG Anunoby
49%
Oklahoma City ThunderSG/PG80Josh Giddey
48%
Milwaukee BucksC/PF82Bobby Portis
47%
Utah JazzPF/SF82Bojan Bogdanovic
45%
Orlando MagicC82Wendell Carter Jr.
43%
Washington WizardsPG/SG81Spencer Dinwiddie
38%
Orlando MagicSF/PF81Franz Wagner
37%
Indiana PacersSF/PF82T.J. Warren
37%
Portland Trail BlazersSF/SG82Norman Powell
33%
Charlotte HornetsSF/SG81Kelly Oubre Jr.
30%
Washington WizardsC/PF81Montrezl Harrell
23%

Score Distribution

Percentile by Number Answered

Percent of People with Each Score

Your Score History

You have not taken this quiz since the last reset